Landkreise in Schleswig-Holstein (1949 bis 2015) - Statistiken

Allgemein
  • Dieses Quiz wurde 463 mal gespielt
  • Das Durchschnittsergebnis liegt bei 19 aus 35
Antwortstatistiken
s Flensburg FL % Korrekt
s Kiel KI
96%
s Flensburg FL
94%
Pinneberg PI
85%
Nordfriesland NF
81%
s Neumünster NMS
80%
Plön PLÖ
79%
Ostholstein OH
77%
Rendsburg RD
77%
Schleswig SL
76%
Dithmarschen
70%
Husum HUS
70%
Eckernförde ECK
67%
Itzehoe IZ
65%
Segeberg SE
64%
Steinburg
63%
Heide HEI
61%
Stormarn
60%
Bad Segeberg
59%
Herzogtum Lauenburg
59%
s Hansestadt Lübeck HL
58%
Rendsburg-Eckernförde
52%
Eutin EUT
51%
Schleswig-Flensburg
51%
Bad Oldesloe OD
49%
Elmshorn (seit 2011 nur noch Kreistag in der namensgebenden Kreisstadt)
49%
Ratzeburg RZ
49%
Meldorf MED
30%
Niebüll NIB
28%
Tönning TÖN
22%
Eiderstedt
21%
Norderdithmarschen
21%
Süderdithmarschen
21%
Südtondern
19%
Oldenburg in Holstein OLD
18%
Flensburg-Land FL
17%
Keine übereinstimmenden Quizze gefunden
Verteilung der Resultate
Anzahl Personen mit jedem Resultat
Perzentil nach korrekt beantworteten Fragen
Ihre Resultats-Entwicklung
Sie haben dieses Quiz noch nicht gespielt